Four essays in dynamic macroeconomics /
Saved in:
| 主要作者: | |
|---|---|
| 格式: | Thesis |
| 語言: | English |
| 出版: |
Scotland :
University of St. Andrews,
2009
|
| 主題: | |
| 標簽: |
添加標簽
沒有標簽, 成為第一個標記此記錄!
|
| LEADER | 009090000a22002410004500 | ||
|---|---|---|---|
| 008 | 131111s2009 stkad g m 000 0 eng d | ||
| 040 | |a UIAM |b eng |e rda | ||
| 050 | 4 | |a HB172.5 | |
| 100 | 1 | |a Sun, Qi, |e author | |
| 245 | 1 | 0 | |a Four essays in dynamic macroeconomics / |c by Qi Sun |
| 264 | 1 | |a Scotland : |b University of St. Andrews, |c 2009 | |
| 300 | |a 213 leaves : |b color illustrations ; |c 30 cm. | ||
| 336 | |2 rdacontent |a text | ||
| 337 | |2 rdamedia |a unmediated | ||
| 338 | |2 rdacarrier |a volume | ||
| 502 | |a Thesis (Ph. D.)--University of St. Andrews, 2009. | ||
| 504 | |a Includes bibliographical references (leaves 204-213). | ||
| 596 | |a 1 | ||
| 655 | 0 | 7 | |a Theses, non-IIUM |
| 710 | 2 | |a University of St. Andrews | |
| 900 | |a amr-hj-mrm | ||
| 999 | |c 436910 |d 470365 | ||
| 952 | |0 0 |6 T HB 000172.5 S957F 2009 |7 0 |8 THESES |9 759351 |a IIUM |b IIUM |c MULTIMEDIA |g 700.00 |o t HB 172.5 S957F 2009 |p 00011303520 |r 2017-10-19 |t 1 |v 700.00 |y THESIS | ||
